000 00732nmc a2200289 a 4500
003 AR-BaBNM
005 20251128202701.0
008 035020s2004 ||||||||||||||000 | spa||
020 _a950-07-1890-1
040 _cAR-BaBNM
100 1 _aValentino, Esteban
245 1 0 _aPahicaplapa
250 _a3ª ed.
260 _aBuenos Aires
_bSudamericana
_c2004
300 0 _a55 p.
_bil.
490 0 _aPan Flauta
_vv. 37
500 0 _aLectura recomendada a partir de 11 años
650 4 _aLIBROS PARA NINOS
650 4 _aLITERATURA ARGENTINA
650 4 _aLITERATURA CONTEMPORANEA
650 4 _aCUENTOS
655 _aLITERATURA
700 0 _aO'Kif
_eilustrador
800 0 _aCanela
942 _cBK
998 _cmaria eugenia
999 _c118
_d118